Statistics for Top 15 Countries with Covid-19 Deaths - 21 Feb 2021

Click here to take the quiz!

General Stats

  • This quiz has been taken 15 times
  • The average score is 16 of 24

Answer Stats

country% Correct
France
100%
United Kingdom
100%
United States
100%
Brazil
93%
Germany
93%
India
93%
Mexico
93%
Russia
93%
Argentina
87%
Spain
87%
Colombia
80%
Italy
73%
Portugal
73%
Peru
67%
South Africa
67%
Belgium
60%
Iran
60%
Czechia
40%
Bosnia and
Herzegovina
33%
Croatia
33%
Hungary
33%
Slovenia
33%
Bulgaria
27%
North Macedonia
20%

Score Distribution

Percentile by Number Answered

Percent of People with Each Score

Your Score History

You have not taken this quiz